000
00227nam a22000857a 4500
008
170526b xxu||||| |||| 00| 0 eng d
100
_9
3130
_a
A. K Naidu
245
_a
Trail of The Tiger
260
_a
New Delhi
_b
Nataraj Publication
_c
1998
999
_c
6419
_d
6419